Every Track The NASCAR Xfinity Series Has Raced At - Statistics

General Stats
  • This quiz has been taken 46 times
  • The average score is 36 of 59
Answer Stats
Years Active Number of Races State Answer % Correct
1982-Present 64 FL Daytona International Speedway
97%
2020-2021 2 FL Daytona International Speedway Road Course
97%
2020-Present 4 IN Indianapolis Grand Prix Circuit
97%
2012-2019 8 IN Indianapolis Motor Speedway
97%
1992-Present 35 GA Atlanta Motor Speedway
94%
2023 1 IL Chicago Street Course
91%
1997-Present 32 NV Las Vegas Motor Speedway
91%
1992-Present 35 AL Talladega Superspeedway
91%
1982-Present 78 NC Charlotte Motor Speedway
88%
2018-Present 5 NC Charlotte Motor Speedway Road Course
88%
1982-Present 77 VA Richmond Raceway
88%
1982-Present 80 TN Bristol Motor Speedway
85%
2001-2011, 2021-Present 24 TN Nashville Superspeedway
85%
1997-Present 45 TX Texas Motor Speedway
85%
1982-Present 67 SC Darlington Raceway
82%
1995-Present 29 FL Homestead-Miami Speedway
82%
2001-2020 27 KY Kentucky Speedway
82%
1999-Present 43 AZ Phoenix Raceway
82%
2021-Present 3 TX Circuit of the Americas
79%
1984, 1988-1989, 1995-2000 9 TN Fairgrounds Speedway Nashville
79%
2001-Present 24 KS Kansas Speedway
79%
1991-2001, 2005-2019, 2021- 29 NY Watkins Glen International
79%
2009-2019 20 IA Iowa Speedway
76%
1982-1994, 2006, 2020-Present 40 VA Martinsville Speedway
76%
1992-2019, 2021-Present 31 MI Michigan International Speedway
76%
1990-Present 36 NH New Hampshire Motor Speedway
76%
1982-Present 77 DE Dover Motor Speedway
74%
1982-Present 2 OR Portland International Raceway
74%
2023 1 CA Sonoma Raceway
74%
1997-2020, 2022-Present 33 CA Auto Club Speedway
71%
2001-2019 24 IL Chicagoland Speedway
71%
2016-Present 8 PA Pocono Raceway
71%
2010-Present 14 WI Road America
71%
2013-2019, 2021 8 OH Mid-Ohio Sports Car Course
68%
1982-2004 42 NC Rockingham Speedway
68%
2007-2012 6 CAN Circuit Gilles Villeneuve
53%
1999-2009 11 TN Memphis International Raceway
53%
1988-2004 17 PA Nazareth Speedway
53%
1998-2005 8 CO Pikes Peak International Raceway
53%
1997-2010 15 IL World Wide Technology Raceway at Gateway
53%
1984-1985, 1993-2009 19 WI Milwaukee Mile
50%
1982-2011 30 IN Lucas Oil Indianapolis Raceway Park
47%
2005-2008 4 MEX Autodromo Hermanos Rodriguez
44%
1982-1998 42 NC Hickory Speedway
38%
1983-1985 4 NC North Wilkesboro Speedway
38%
1982-1991, 1994-2000 35 VA South Boston Speedway
38%
1988-2000 13 SC Myrtle Beach Speedway
35%
1988-1989 2 KY Louisville Motor Speedway
26%
1986-1987 2 GA Road Atlanta
26%
1982-1988 14 VA Langley Speedway
21%
1982 1 NC Asheville Speedway
18%
1986-1988, 1990-1991 5 ME Oxford Plains Speedway
15%
1989-1992 4 FL Volusia County Speedway
12%
1983 2 SC Greenville-Pickens Speedway
9%
1988-1992 5 GA Lanier National Speedway
9%
1983-1994 27 NC Orange County Speedway
9%
1982-1983 3 NC Caraway Speedway
3%
1986-1987 3 GA Gresham Motorsports Park
3%
1989-1992 4 VA Motor Mile Speedway
3%
No matching quizzes found
Score Distribution
Percent of People with Each Score
Percentile by Number Answered
Your Score History
You have not taken this quiz